00000000nam##2200000za#4500
0019.631006
003CaOODSP
00520210624214125
007cr |||||||||||
008150407|2003||||xxc|||||o    f|0| 0 fre|d
040 |aCaOODSP|bfre
043 |an-cn---
0861 |aMP33-13/1-1999F-IN
1101 |aCanada.|bDéveloppement des ressources humaines Canada.
24513|aLe guide de l'animateur de développement des collectivités : |h[ressource électronique]|bun outil de soutien du guide de développement des collectivités / |crédigé par Anne Smith et Flo Frank.
260 |aOttawa - Ontario : |bDéveloppement des ressources humaines Canada |c2003.
300 |a[2], 76p.
5203 |aCe guide est conçu pour faciliter l’animation d’un atelier sur le développement des collectivités. Il comprend huit exercices précis ainsi que des suggestions pour l’atelier, et renferme des exemples de questionnaires, de lettres, d’ordres du jour, de listes de contrôle et de formulaires d’évaluation. Destiné aux animateurs chevronnées ayant une connaissance du développement des collectivités.
590 |a03-22|b2003-05-30
7201 |aFrank, Flo
7201 |aSmith, Anne
77508|tThe community development facilitator's guide : |w(CaOODSP)9.686539
7760#|tLe guide de l'animateur de développement des collectivités : |w(CaOODSP)9.680917
85640|ahttp://publications.gc.ca|qPDF|s113 Ko|uhttps://publications.gc.ca/collections/Collection/MP33-13-1-1999F.pdf